000 01075njm a22002897a 4500
005 2010090903563.0
007 sd ammalaaahaa
008 100901t xxu||||| |||| 00| 0 hin d
028 _aN. 2392 287
_bMusic India
028 _bMusic India
035 _aGR-03514
040 _aSED/VEN
100 _917815
_aMangeshkar, Lata
245 _aAakhri mujra /
_cby Lata mangeshkar; music by kalyan ji and anand ji ; lyrics Indiwar
_h[sound recording] :
246 _aआखिरि मुजरा /लता mangeshkar द्वारा
260 _aDum Dum, India
_bMusic India
_c1966
300 _a1 sound disc :
_banalog, 33 1/3 rpm
_c10 in.
500 G _aBrief record
505 _aSide-१ Tumhare khawab sajane ko (Lata mangeshkar) Side-2 Mori nathni jhoole re(Aha bhosle)
650 _aClassical music
_xExcerpts
_zIndia
_917813
700 _918219
_aKalyan ji anand ji
700 _918220
_aKaifi Azmi
700 _919143
710 _919101
942 _2ddc
_cGR
999 _c46726
_d46726